[Event "Wuerzburg op"]
[Site "Wuerzburg"]
[Date "1994.??.??"]
[Round "2"]
[White "Lisanti, Andre"]
[Black "Fuhrmann, Daniel"]
[Result "1/2-1/2"]
[WhiteElo "2300"]
[BlackElo "2300"]

1.d4 g6 2.e4 Bg7 3.Nc3 c6 4.Bc4 d6 5.Qf3 e6 6.Nge2 Ne7 7.Bg5 d5 8.Bd3 Nd7
9.e5 O-O 10.Nd1 f6 11.exf6 Nxf6 12.Qg3 Qe8 13.Bxf6 Bxf6 14.f4 Nf5 15.Qf2 c5
16.dxc5 e5 17.c3 exf4 18.Qxf4 Be5 19.Qd2 Ng3 20.hxg3 Bxg3+ 21.Nf2 Bxf2+ 22.Kd1 Be3
23.Qe1  1/2-1/2

[Event "ARM-ch"]
[Site "Yerevan"]
[Date "1994.??.??"]
[Round "?"]
[White "Mirumian, Vigen"]
[Black "Minasian, Artashes"]
[Result "1-0"]
[WhiteElo "2290"]
[BlackElo "2545"]

1.e4 g6 2.d4 Bg7 3.Nc3 c6 4.Bg5 Qb6 5.Nge2 Qxb2 6.Rb1 Qa3 7.g3 Qa5 8.Bd2 Qc7
9.Bg2 d6 10.O-O e5 11.dxe5 dxe5 12.Na4 Na6 13.Be3 Nf6 14.Nc5 b6 15.Nd3 Be6
16.Qc1 O-O 17.Qa3 Bc4 18.Qa4 Bxd3 19.cxd3 Qb7 20.Rfc1 Rfd8 21.d4 Ng4 22.Bg5 exd4
23.Bxd8 Rxd8 24.Rxc6 d3 25.Nf4 Ne5 26.Rcc1 Bh6 27.Qb5 Bg7 28.Nd5 Nb8 29.f4 Ng4
30.Qxd3 Nf6 31.Nxf6+ Bxf6 32.e5 Rxd3 33.Bxb7 Be7 34.Rc8+ Kg7 35.Rxb8 Bc5+
36.Kh1 h5 37.Ba6  1-0

[Event "ARM-ch"]
[Site "Yerevan"]
[Date "1994.??.??"]
[Round "?"]
[White "Mnatsakanian, Eduard A"]
[Black "Minasian, Artashes"]
[Result "0-1"]
[WhiteElo "2390"]
[BlackElo "2545"]

1.e4 g6 2.d4 Bg7 3.Nc3 c6 4.Nf3 d5 5.h3 Nh6 6.Bf4 f6 7.exd5 cxd5 8.Nb5 O-O
9.Nc7 e5 10.Bxh6 Bxh6 11.Nxa8 e4 12.Nh2 f5 13.Be2 Nc6 14.O-O Be6 15.f4 g5
16.g3 gxf4 17.gxf4 Kh8 18.Kh1 Rg8 19.c3 Qd6 20.Qd2 Ne7 21.Bh5 Rg3 22.Qe2 Rxh3
23.Rf2 Bxf4 24.Rxf4 Qxf4 25.Rg1 Qh6 26.Nc7 Bg8 27.Be8 f4 28.Bd7 f3 29.Qc2 Rh4
30.Qf2 e3 31.Qg3 Ng6 32.Bg4 f2 33.Ra1 Nf4 34.Rb1 Rxg4 35.Qxg4 e2  0-1

[Event "Zabrzanski Wrzesien op"]
[Site "Zabrzanski Wrzesien"]
[Date "1994.??.??"]
[Round "?"]
[White "Hnydiuk, Aleksander"]
[Black "Maciejewski, Miroslaw"]
[Result "1-0"]
[WhiteElo "2220"]
[BlackElo "2395"]

1.e4 g6 2.d4 Bg7 3.Nc3 c6 4.f4 d5 5.e5 h5 6.Be3 Nh6 7.Nf3 Bg4 8.Be2 Nf5 9.Bf2 e6
10.Ng5 Bxe2 11.Qxe2 Nd7 12.g3 Bh6 13.Nf3 Qb6 14.O-O-O Qa5 15.Kb1 b5 16.Qd3 Nb6
17.h3 Nc4 18.Ne2 Bf8 19.g4 Ng7 20.Ka1 Rb8 21.Nh4 hxg4 22.hxg4 Rb6 23.Be1 b4
24.Nc1 Qb5 25.Bf2 a5 26.Nxg6 Rxh1 27.Rxh1 Nd2 28.Rh8  1-0

[Event "Ibercaja op"]
[Site "Zaragoza"]
[Date "1994.??.??"]
[Round "8"]
[White "Vehi Bach, Victor Manuel"]
[Black "Spraggett, Kevin"]
[Result "1-0"]
[WhiteElo "2420"]
[BlackElo "2550"]

1.e4 g6 2.d4 Bg7 3.Nc3 c6 4.f4 d5 5.e5 Nh6 6.Nf3 f6 7.Be2 Bg4 8.Nh4 Bxe2
9.Qxe2 fxe5 10.fxe5 e6 11.Nf3 O-O 12.Bg5 Qb6 13.O-O-O Nd7 14.Kb1 c5 15.Na4 Qc6
16.Nxc5 Nxc5 17.dxc5 Qxc5 18.Nd4 Rae8 19.Bxh6 Bxh6 20.g3 Bg7 21.h4 Qc7 22.Rde1 a6
23.h5 Qc4 24.Qe3 gxh5 25.b3 Qc7 26.Rxh5 Qf7 27.Reh1 Qg6 28.Rxh7 Qxh7 29.Rxh7 Kxh7
30.Qd3+ Kh6 31.Kb2 Kg5 32.Qe3+ Kg4 33.b4 Bh8 34.Kb3 b5 35.c3 Kh5 36.Qe2+ Kg5
37.a4 bxa4+ 38.Kxa4 Bg7 39.Kb3 Rf7 40.Qe3+ Kh5 41.Nf3 Kg6 42.Qg5+ Kh7 43.Qh5+ Kg8
44.Ng5 Rfe7 45.Qg6 Rc8 46.Nf3 Rc4 47.Nd4 Rc8 48.Qg4 Rc4 49.Qg5 Kf7 50.Qh5+ Kg8
51.g4 Rc8 52.Qg5 Ree8 53.Qf4 Re7 54.g5 Rc4 55.g6 Rcc7 56.Qh2 Rc8 57.Qh4 Rce8
58.Nf3 Rc7 59.Qh3 Bh8 60.Kb2 Bg7 61.Qh7+ Kf8 62.Qh5 Kg8 63.Qh3 Bh8 64.Qh2 Bg7
65.Ng5 a5 66.bxa5 d4 67.Ne4 dxc3+ 68.Kc2 Rb8 69.Qh7+ Kf8 70.Nf6 Rb2+ 71.Kd3 Rd2+
72.Ke4  1-0

[Event "Tyneside International"]
[Site "Newcastle"]
[Date "1995.05.26"]
[Round "1"]
[White "Mannion, Stephen R"]
[Black "McFarland, Robert"]
[Result "1/2-1/2"]
[WhiteElo "2355"]
[BlackElo "2255"]

1.e4 g6 2.d4 Bg7 3.Nc3 c6 4.Bc4 d6 5.Qf3 e6 6.Nge2 b5 7.Bb3 a5 8.a4 b4 9.Nd1 Ba6
10.c3 Qb6 11.Rb1 Nd7 12.O-O Ngf6 13.Re1 O-O 14.Ng3 c5 15.e5 dxe5 16.dxe5 Nd5
17.c4 Ne7 18.Bf4 Nc6 19.Ne4 Nd4 20.Qh3 Nxb3 21.Qxb3 Nxe5 22.Qg3 Nxc4 23.b3 e5
24.Bg5 Na3 25.Rc1 c4 26.Ne3 Qc6 27.Nf5 Qb6 28.Nxg7 f5 29.Qxe5 fxe4 30.Ne6 Qxf2+
31.Kh1 Rf7 32.Nd8 Rxd8 33.Bxd8 cxb3 34.Be7 b2 35.Qb8+ Kg7 36.Qe5+ Kg8  1/2-1/2

[Event "Tyneside International"]
[Site "Newcastle"]
[Date "1995.05.27"]
[Round "3"]
[White "Bryson, Douglas M"]
[Black "McFarland, Robert"]
[Result "1-0"]
[WhiteElo "2380"]
[BlackElo "2255"]

1.e4 g6 2.d4 Bg7 3.Nc3 c6 4.f4 d5 5.e5 h5 6.Nf3 Bg4 7.Be3 Nh6 8.h3 Bxf3 9.Qxf3 Nf5
10.Bf2 h4 11.Bd3 e6 12.O-O Nd7 13.Ne2 Bf8 14.b3 b5 15.c4 bxc4 16.bxc4 dxc4
17.Be4 Ne7 18.Rac1 Nb6 19.Bxc6+ Nxc6 20.Qxc6+ Qd7 21.Rxc4 Rc8 22.Qxd7+ Kxd7
23.Rxc8 Kxc8 24.d5 Nxd5 25.Bxa7 Kb7 26.Bd4 Be7 27.Rb1+ Ka6 28.Kf2 g5 29.fxg5 Bxg5
30.Nc3 Nxc3 31.Bxc3 Rc8 32.Rb3 Rc4 33.Ke2 Ra4 34.Rb2 Bf4 35.Kd3 Bg3 36.Bd4 Be1
37.Rb6+ Ka5 38.Rb8 Ra3+ 39.Kc4 Ra4+ 40.Kc5 Rb4 41.Rc8  1-0

[Event "Cseppko op"]
[Site "Aggtelek"]
[Date "1995.??.??"]
[Round "?"]
[White "Molnar, B."]
[Black "Szobi, Geza Jr"]
[Result "1-0"]
[WhiteElo "2365"]
[BlackElo "2060"]

1.e4 g6 2.d4 Bg7 3.Nc3 c6 4.f4 d5 5.e5 h5 6.Nf3 Bf5 7.Bd3 Bxd3 8.Qxd3 e6
9.Be3 Nh6 10.h3 Nd7 11.O-O O-O 12.Ne2 Qe7 13.Bf2 Rfc8 14.b3 c5 15.c4 dxc4
16.bxc4 cxd4 17.Nexd4 Nc5 18.Qc2 a6 19.Nb3 Na4 20.Rac1 b5 21.c5 Nb6 22.cxb6 Rxc2
23.Rxc2 Bf8 24.Rc7 Qd8 25.Nfd4 Rc8 26.Nc6 Qe8 27.Rc1 Rxc7 28.bxc7 Nf5 29.Nbd4 Nxd4
30.Bxd4 Qd7 31.c8=Q  1-0

[Event "Andorra op"]
[Site "Andorra"]
[Date "1995.??.??"]
[Round "9"]
[White "Jansa, Vlastimil"]
[Black "Bolding, Klaus"]
[Result "1-0"]
[WhiteElo "2525"]
[BlackElo "2290"]

1.e4 g6 2.d4 Bg7 3.Nc3 c6 4.h3 d6 5.Be3 Nd7 6.Nf3 b5 7.Bd3 a6 8.a4 b4 9.Ne2 Ngf6
10.Qd2 O-O 11.Qxb4 c5 12.dxc5 Rb8 13.Qa3 dxc5 14.Nc3 Qc7 15.O-O Bb7 16.Nd2 Nh5
17.Rad1 Nf4 18.Bc4 Bd4 19.Bxf4 Qxf4 20.Ne2 Qf6 21.Nxd4 cxd4 22.f4 Qb6 23.Qxe7 d3+
24.Kh2 dxc2 25.Rc1 Nf6 26.a5 Qxb2 27.e5 Nd5 28.Qc5 Nxf4 29.Rxc2 Qxc2 30.Bxf7+ Rxf7
31.Qxc2 Re8 32.Nc4 Bxg2 33.Nd6 Bxf1 34.Nxe8 Nd3 35.Nf6+ Kg7 36.Ng4 Rb7 37.Qc3 h5
38.e6+ Kh7 39.Nf6+ Kh8 40.Ne8+ Kh7 41.Nf6+ Kg7 42.Nd5+ Kh6 43.e7  1-0

[Event "Ankara zt"]
[Site "Ankara"]
[Date "1995.??.??"]
[Round "6"]
[White "Arduman, Can"]
[Black "Minasian, Artashes"]
[Result "0-1"]
[WhiteElo "2380"]
[BlackElo "2540"]

1.d4 g6 2.e4 Bg7 3.Nc3 c6 4.Bc4 d6 5.Qf3 e6 6.Bf4 Qe7 7.O-O-O Nd7 8.Bb3 e5
9.dxe5 dxe5 10.Be3 Ngf6 11.g4 h5 12.g5 Nh7 13.h4 O-O 14.Nge2 Nc5 15.Bxc5 Qxc5
16.Rd2 Bg4 17.Qg3 Rfd8 18.Rhd1 Rxd2 19.Rxd2 Nf8 20.Na4 Qe7 21.f3 Be6 22.Qf2 Bxb3
23.axb3 Ne6 24.Qe3 f6 25.gxf6 Bxf6 26.Qg1 Kh7 27.Kb1 Bxh4 28.Qh2 Bg5 29.Rd1 Rd8
30.Rxd8 Nxd8 31.Nac3 Qf6 32.Qg1 a6 33.Nd1 Ne6 34.Qh1 Bh6 35.Nf2 Ng5 36.Ng1 Qf4
37.Qg2 Qe3 38.Nd3 Ne6 39.Ne2 Bg7 40.Ng1 Nd4 41.Nh3 Bh6 42.Ng1 Nxb3 43.Qg3 Nd2+
44.Ka2 Qd4 45.b3 Qc3 46.Ne1 Nxe4 47.Qh4 Qa5+  0-1

[Event "Ankara zt"]
[Site "Ankara"]
[Date "1995.??.??"]
[Round "8"]
[White "Seitaj, Ilir"]
[Black "Minasian, Artashes"]
[Result "0-1"]
[WhiteElo "2405"]
[BlackElo "2540"]

1.e4 g6 2.d4 Bg7 3.Nc3 c6 4.Nf3 d6 5.h3 Nd7 6.Be2 b5 7.O-O Qc7 8.Re1 a6 9.Bg5 e5
10.Qd2 Ngf6 11.Bf1 h6 12.dxe5 dxe5 13.Bxf6 Bxf6 14.a4 Rb8 15.axb5 axb5 16.Na2 Be7
17.Nb4 Rb6 18.Qc3 Bd6 19.Rad1 O-O 20.Qd2 Be7 21.Qc3 Qb7 22.Nd3 Bf6 23.b4 Re8
24.Nd2 Nf8 25.Nb3 Be6 26.Na5 Qc7 27.Nc5 Bc8 28.Re3 Ne6 29.Nxe6 Bxe6 30.Red3 Rd8
31.Rxd8+ Bxd8 32.Qd2 Be7 33.Qc3 c5 34.Nb3 c4 35.Be2 Ra6 36.Nd2 Ra4 37.Qe3 Rxb4
38.Qxh6 Rb2 39.Ra1 Qd8 40.Nf3 Rxc2 41.Bd1 Rc3 42.Be2 Rxf3 43.Bxf3 Bg5 44.Ra8 Qxa8
45.Qxg5 c3 46.Qc1 b4 47.h4 Qa3 48.Qd1 b3 49.h5 c2 50.Qd8+ Kg7  0-1

[Event "Asiag tt"]
[Site "Asiag"]
[Date "1995.??.??"]
[Round "1"]
[White "Briganti, A."]
[Black "Stradiotti, A."]
[Result "1-0"]
[WhiteElo "1800"]
[BlackElo "1775"]

1.e4 g6 2.d4 Bg7 3.Nc3 c6 4.Be3 d6 5.Qd2 Nd7 6.Nf3 b5 7.a3 Bb7 8.Be2 a5 9.O-O b4
10.Na4 Ngf6 11.Bh6 Nxe4 12.Qe3 Bxh6 13.Qxh6 e6 14.Bd3 d5 15.Bxe4 dxe4 16.Ng5 Qe7
17.Nxe4 Qf8 18.Qf4 Ba6 19.Nd6+ Ke7 20.Rfe1 Qg7 21.axb4 Qf6 22.Qg3 axb4 23.Ne4 Qxd4
24.Rad1 Qa7 25.Qd6+ Kd8 26.Nf6 Bc8 27.Nxd7 Bxd7 28.Nc5 Ke8 29.Qxd7+ Qxd7
30.Nxd7 Ra2 31.Nf6+ Ke7 32.Ne4 Rha8 33.h3 R8a7 34.Rd2 Ra1 35.Rf1  1-0

[Event "AUT-chT9495"]
[Site "?"]
[Date "1995.??.??"]
[Round "?"]
[White "Mahdi, Khaled"]
[Black "Singer, Richard"]
[Result "1-0"]
[WhiteElo "2425"]
[BlackElo "2125"]

1.e4 c6 2.d4 g6 3.Nc3 Bg7 4.Nf3 d6 5.h3 Nf6 6.Bd3 Nbd7 7.O-O e5 8.a4 a5 9.Be3 O-O
10.Qd2 exd4 11.Nxd4 Re8 12.Nb3 Ne5 13.f4 Nxd3 14.cxd3 Nd7 15.f5 Ne5 16.Nd4 d5
17.fxg6 hxg6 18.exd5 cxd5 19.Ncb5 Ra6 20.Rac1 Nc6 21.Rfe1 Nxd4 22.Nxd4 Qh4
23.Qf2 Qxf2+ 24.Bxf2 Rxe1+ 25.Rxe1 Be6 26.Rc1 Be5 27.b3 Kg7 28.Nf3 Bf4 29.Bd4+ f6
30.Rc3 Rc6 31.Kf2 Rxc3 32.Bxc3 Bc7 33.Nd4 Bd7 34.Ke3 Kf7 35.Nb5 Bb6+ 36.Bd4 Bxb5
37.Bxb6 Bd7 38.Kd4 Ke6 39.Bxa5 Bc6 40.Bd8 Bd7  1-0

[Event "AUT-chT9495"]
[Site "?"]
[Date "1995.??.??"]
[Round "?"]
[White "Turian, Hans"]
[Black "Cigan, Stefan"]
[Result "0-1"]
[WhiteElo "2225"]
[BlackElo "2365"]

1.d4 g6 2.e4 Bg7 3.Nc3 c6 4.Nf3 d5 5.h3 Nh6 6.Be2 O-O 7.O-O f6 8.Re1 Nf7
9.Be3 b6 10.Qd2 Na6 11.Rad1 Nc7 12.Bf1 Bb7 13.g3 e5 14.exd5 cxd5 15.Bg2 e4
16.Nh2 f5 17.Nf1 Ne6 18.Ne2 g5 19.f4 exf3 20.Bxf3 Nd6 21.c3 Qf6 22.Bg2 f4
23.gxf4 gxf4  0-1

[Event "AUT-chT2S 9596"]
[Site "AUT"]
[Date "1995.??.??"]
[Round "?"]
[White "Kratschmer, Heinz"]
[Black "Singer, Richard"]
[Result "1-0"]
[WhiteElo "2045"]
[BlackElo "2160"]

1.d4 g6 2.e4 Bg7 3.Nc3 c6 4.Nf3 d5 5.Be3 Bg4 6.Be2 dxe4 7.Nxe4 Nh6 8.O-O Nf5
9.c3 O-O 10.Bf4 Nd7 11.Re1 Qb6 12.Qc2 c5 13.d5 Nd6 14.Nfd2 Bxe2 15.Rxe2 Qa6
16.Rae1 Nxe4 17.Rxe4 Qxa2 18.Nb3 c4 19.Rxc4 Qa6 20.Rc7 Nf6 21.c4 Qa4 22.Nd4 Qb4
23.Bd2 Qb6 24.Nb5 Ng4 25.Bf4 a6 26.Nc3 e5 27.dxe6 fxe6 28.c5 Qa5 29.Bg3 Bd4
30.Rxb7 Nxf2 31.Qe2 Ne4+ 32.Kh1 Nxg3+ 33.hxg3 Qxc5 34.Qxe6+ Kh8 35.Qh3 h5
36.Qd7  1-0

[Event "Bad Woerishofen op"]
[Site "Bad Woerishofen"]
[Date "1995.??.??"]
[Round "2"]
[White "Polzin, Rainer"]
[Black "Goy, Udo"]
[Result "1-0"]
[WhiteElo "2415"]
[BlackElo "2210"]

1.e4 g6 2.d4 Bg7 3.Nc3 c6 4.f4 d5 5.e5 h5 6.Nf3 Nh6 7.Be3 a5 8.h3 a4 9.Bd3 Bf5
10.O-O Bxd3 11.Qxd3 e6 12.Nd1 Nd7 13.Bf2 Qb6 14.Ne3 Qa6 15.Qd2 Qa5 16.Qxa5 Rxa5
17.c4 O-O 18.cxd5 exd5 19.g4 hxg4 20.hxg4 Nb6 21.g5 Nf5 22.Nxf5 gxf5 23.Be1 Rb5
24.Bc3 Rd8 25.Nh4 Nc4 26.Rf2 c5 27.Nxf5 Bf8 28.Kg2 a3 29.b3 Na5 30.Rh1 cxd4
31.Bxd4 Nc6 32.Kg3  1-0

[Event "Badenweiler op"]
[Site "Badenweiler"]
[Date "1995.??.??"]
[Round "5"]
[White "Werner, Clemens"]
[Black "Schulz, Gert"]
[Result "1-0"]
[WhiteElo "2340"]
[BlackElo "2160"]

1.e4 g6 2.d4 Bg7 3.Nc3 c6 4.Bc4 d6 5.Bb3 Nf6 6.f4 O-O 7.Nf3 d5 8.e5 Ne4 9.Nxe4 dxe4
10.Ng5 c5 11.Be3 cxd4 12.Qxd4 Qxd4 13.Bxd4 Nc6 14.O-O-O Bh6 15.Bc3 e3 16.Rd3 Bf5
17.Rxe3 Rad8 18.Rd1 Bg4 19.Rxd8 Rxd8 20.Rd3 Rxd3 21.cxd3 Bxg5 22.fxg5 Kf8
23.a4 Ke8 24.Kd2 Be6 25.Bd1 Kd7 26.Bf3 Bb3 27.a5 a6 28.Ke3 e6 29.g3 Ne7 30.Bxb7  1-0

[Event "Regionalliga SW9596"]
[Site "Bayern"]
[Date "1995.??.??"]
[Round "?"]
[White "Schuele, Herbert"]
[Black "Loos, Stephan"]
[Result "0-1"]
[WhiteElo "2005"]
[BlackElo "2040"]

1.e4 g6 2.d4 Bg7 3.Nc3 c6 4.Nf3 d5 5.h3 Nf6 6.e5 Ne4 7.Nxe4 dxe4 8.Ng5 c5
9.e6 Bxe6 10.Nxe6 fxe6 11.dxc5 Qxd1+ 12.Kxd1 Nd7 13.Be3 Bxb2 14.Rb1 Ba3 15.Rxb7 Nxc5
16.Rc7 Rd8+ 17.Ke1 Rd7 18.Rxc5 Bxc5 19.Bxc5 Kf7 20.Ba6 Rc7 21.Bd4 Rd8 22.c3 Rxd4
23.cxd4 Rc1+ 24.Ke2 Rxh1 25.Ke3 Re1+ 26.Kd2 Rg1 27.g3 Kf6 28.Bc4 g5 29.Ke3 Re1+
30.Kd2 Rh1 31.Ke3 Rxh3 32.Kxe4 h5 33.Kf3 Rh1 34.Ke3 h4 35.gxh4 gxh4 36.Kf3 Rg1  0-1

[Event "Regionalliga NW9596"]
[Site "Bayern"]
[Date "1995.??.??"]
[Round "?"]
[White "Hohm, Klemens"]
[Black "Breithut, Kurt Georg"]
[Result "0-1"]
[WhiteElo "2160"]
[BlackElo "2050"]

1.e4 g6 2.d4 Bg7 3.Nc3 c6 4.Nf3 d5 5.h3 dxe4 6.Nxe4 Nd7 7.Bc4 Ngf6 8.Nxf6+ Nxf6
9.O-O Bf5 10.Re1 O-O 11.Bf4 Be4 12.c3 Bxf3 13.Qxf3 Nd5 14.Bg5 Re8 15.Re2 Qd6
16.Rae1 e6 17.h4 Qf8 18.h5 Bh6 19.Qg4 Bxg5 20.Qxg5 Qe7 21.Qg3 Qf6 22.Re4 Rad8
23.Rg4 Rd7 24.Re5 Kf8 25.Bd3 Ne7 26.hxg6 hxg6 27.Rf4 Nf5 28.Qf3 Qg7 29.Bc4 Kg8
30.Kf1 Qh7 31.g4 Ng7 32.Kg2 Qh4 33.Re1 Qg5 34.Re5 Qh6 35.Rf6 Qh4 36.Qf4 Ree7
37.Re3 Nf5 38.Rxf5 exf5  0-1

[Event "Regionalliga SW9495"]
[Site "Bayern"]
[Date "1995.??.??"]
[Round "1"]
[White "Hamlack, Heinz"]
[Black "Mueller, Heinz"]
[Result "0-1"]
[WhiteElo "1935"]
[BlackElo "2200"]

1.d4 g6 2.e4 c6 3.Nc3 Bg7 4.f4 d5 5.e5 h5 6.h3 Nh6 7.Bd3 Bf5 8.Nge2 h4 9.Be3 Nd7
10.Bf2 e6 11.g4 hxg3 12.Nxg3 Bf8 13.Nxf5 Nxf5 14.Bxf5 exf5 15.Qe2 Qe7 16.O-O-O Bh6
17.Qf3 Nf8 18.h4 Ne6 19.Ne2 Ng7 20.Kb1 Nh5 21.Rd3 Qe6 22.c4 Rd8 23.cxd5 Qxd5
24.Qxd5 Rxd5 25.Be3 Rd7 26.Rhd1 Ke7 27.d5 Rxd5 28.Rxd5 cxd5 29.Nc3 Rc8 30.Nxd5+ Ke6
31.Rd4 Bf8 32.Nc3 Be7 33.Ra4 a6 34.Bf2 f6 35.exf6 Bxf6 36.Ne2 Rd8 37.Kc2 Rd7
38.Ra3 Rc7+ 39.Kb1 Kf7 40.Ra4 Re7 41.Ng1 Re4 42.Rxe4 fxe4 43.Ne2 Ke6 44.Kc2 Kf5
45.Be3 Kg4 46.b4 Kxh4 47.a4 Kg4 48.b5 axb5 49.axb5 Kf3 50.Kd2 Ng3 51.Nxg3 Kxg3
52.Ke2 Be7 53.Bb6 Kxf4 54.Bc7+ Kf5 55.Kf2 Ke6 56.Ke3 Kd5 57.b6 Bc5+ 58.Kf4 e3
59.Kf3 Kc6 60.Bf4 Bxb6 61.Kg4 e2  0-1

[Event "Regionalliga NO9495"]
[Site "Bayern"]
[Date "1995.??.??"]
[Round "3"]
[White "Roesch, Otto"]
[Black "Polzer, Hans"]
[Result "1/2-1/2"]
[WhiteElo "2065"]
[BlackElo "2090"]

1.d4 g6 2.Nc3 Bg7 3.e4 c6 4.Bc4 b5 5.Bb3 a5 6.a3 Ba6 7.Qf3 e6 8.d5 exd5 9.exd5 Nf6
10.Qe3+ Qe7 11.Qxe7+ Kxe7 12.dxc6 dxc6 13.Bg5 h6 14.Be3 Nbd7 15.h3 Rhe8 16.Nf3 Kf8
17.O-O-O b4 18.Na4 bxa3 19.bxa3 Be2 20.Rd6 Bxf3 21.gxf3 Rac8 22.Rhd1 Ne5
23.f4 Nf3 24.Nc5 Nd5 25.Nd7+ Kg8 26.Bxd5 cxd5 27.R1xd5 Ne1 28.Rc5 Rxc5 29.Nxc5 Rb8
30.Bd4 Rc8 31.Bxg7 Kxg7 32.Rd5 Ng2 33.Nd3 Rc4 34.Rxa5 Nxf4 35.Nxf4 Rxf4 36.a4 Rxf2
37.Ra8 Rf3 38.Kb2 Rxh3 39.a5 Rh5 40.Kb3 Rb5+ 41.Ka4 Rc5  1/2-1/2

[Event "Regionalliga SW9495"]
[Site "Bayern"]
[Date "1995.??.??"]
[Round "3"]
[White "Huber, Stefan"]
[Black "Eichler, Christoph"]
[Result "1-0"]
[WhiteElo "2000"]
[BlackElo "1945"]

1.d4 g6 2.e4 Bg7 3.Nc3 c6 4.Nf3 d5 5.Bd3 Bg4 6.e5 Nh6 7.h3 Bxf3 8.Qxf3 O-O
9.O-O f6 10.e6 Kh8 11.h4 f5 12.h5 Ng4 13.hxg6 hxg6 14.Qh3+ Kg8 15.Ne2 Na6
16.c3 Nc7 17.f3 Nf6 18.Nf4 Nh7 19.Nxg6 Rf6 20.Bxf5 Qe8 21.Nxe7+  1-0

[Event "Regionalliga NO9495"]
[Site "Bayern"]
[Date "1995.??.??"]
[Round "4"]
[White "Luft, Josef"]
[Black "Kroneder, Hans Christian"]
[Result "1-0"]
[WhiteElo "2155"]
[BlackElo "2030"]

1.d4 g6 2.e4 Bg7 3.Nc3 c6 4.Nf3 d5 5.h3 dxe4 6.Nxe4 Nd7 7.Bc4 Nb6 8.Bb3 Nf6
9.Nxf6+ exf6 10.O-O O-O 11.Bf4 Bf5 12.Re1 g5 13.Bg3 Qd7 14.c3 h5 15.Bc2 Nd5
16.Bxf5 Qxf5 17.Nd2 Qg6 18.Qb1 f5 19.c4 Nb6 20.Be5 Rad8 21.Qd3 g4 22.Bxg7 Qxg7
23.Qxf5 Rxd4 24.Ne4 f6 25.hxg4 hxg4 26.b3 Nd7 27.Rad1 Rxd1 28.Rxd1 Ne5 29.Rd6 g3
30.Nxg3 Qg4 31.Rxf6 Qxf5 32.Rxf5 Re8 33.Ne4 Nd7 34.f3 Re6 35.g4 Kg7 36.Kf2 Ne5
37.Ke3 Kg6 38.Rf8 c5 39.Nxc5 Nxg4+ 40.Kf4 Rf6+ 41.Rxf6+ Nxf6 42.Nxb7  1-0

[Event "Regionalliga NO9495"]
[Site "Bayern"]
[Date "1995.??.??"]
[Round "4"]
[White "Pasedag, Peter"]
[Black "Schatz, Werner"]
[Result "1-0"]
[WhiteElo "2155"]
[BlackElo "2030"]

1.e4 g6 2.d4 Bg7 3.Nc3 c6 4.Bc4 d6 5.Qf3 e6 6.Nge2 Qe7 7.O-O e5 8.Qd3 Nf6
9.Bg5 h6 10.Bh4 g5 11.Bg3 Nh5 12.Rad1 O-O 13.dxe5 dxe5 14.Qd6 Qxd6 15.Rxd6 Nd7
16.f3 Re8 17.Rfd1 Nf8 18.Bf2 Be6 19.Bxe6 fxe6 20.a4 Bf6 21.g3 Be7 22.R6d3 b6
23.Nc1 Rec8 24.Nb1 c5 25.Nd2 Nf6 26.Nc4 Ng6 27.h3 Kf8 28.Rb3 Rab8 29.Nd3 Nd7
30.Be3 Ke8 31.Nf2 Rc6 32.Ng4 h5 33.Rxd7 Kxd7 34.Ngxe5+ Nxe5 35.Nxe5+ Kc7
36.Nxc6 Kxc6 37.Kf2 c4 38.Rc3 b5 39.axb5+ Kxb5 40.b3 Rc8 41.Rxc4 Rxc4 42.bxc4+ Kxc4
43.Bxa7 Kc3 44.Ke3 Kxc2 45.Bd4 Ba3 46.Bf6 Bc1+ 47.Ke2 Kb3 48.h4 gxh4 49.Bxh4 Kc4
50.Bf6 Ba3 51.g4 hxg4 52.fxg4 e5 53.g5 Kd4 54.Kf3 Bc1 55.g6  1-0

[Event "Regionalliga NW9495"]
[Site "Bayern"]
[Date "1995.??.??"]
[Round "4"]
[White "Kuhn, Norbert"]
[Black "Fischer, Emil"]
[Result "1/2-1/2"]
[WhiteElo "2125"]
[BlackElo "2150"]

1.e4 g6 2.d4 Bg7 3.Nc3 c6 4.Nf3 d6 5.Bc4 Nf6 6.O-O O-O 7.Bb3 Qc7 8.Bg5 e5
9.h3 Nbd7 10.Qd2 Re8 11.Rfe1 a5 12.a3 Rb8 13.Bh6 exd4 14.Nxd4 Nc5 15.Ba2 Ncxe4
16.Nxe4 Nxe4 17.Qf4 Bxh6 18.Qxh6 d5 19.c4 Be6 20.Rad1 Rbd8 21.Nf3 Qe7 22.Bb1 f5
23.Nd4 Qg7 24.Qxg7+ Kxg7 25.f3 Ng5 26.h4 c5 27.Nb5 Nf7 28.Nc7 Kf6 29.Nxe8+ Rxe8
30.cxd5 Bd7 31.f4 Nd6 32.Rxe8 Bxe8 33.Bd3 b5 34.Kf2 c4 35.Bc2 Bd7 36.g3 b4
37.axb4 axb4 38.Ra1 b3 39.Bb1 Nb7 40.Ra6+ Ke7 41.Ke3 Nc5 42.Rb6 Na4 43.Rb4 Nxb2
44.Kd4 Kd6 45.Rb7 Ba4 46.Rxh7 Nd1 47.Kxc4 Ne3+ 48.Kb4 Be8 49.Kxb3 Nxd5 50.Bd3 Nf6
51.Rh6 Ke7 52.Rh8 Kf7 53.Kc3 Kg7 54.Rxe8 Nxe8 55.h5 Nf6 56.hxg6 Kxg6 57.Kd4 Nh5
58.g4 Nxf4 59.Bxf5+ Kg5 60.Ke5 Nh5  1/2-1/2

[Event "Belgrade (Women)"]
[Site "Belgrade"]
[Date "1995.??.??"]
[Round "3"]
[White "Maric, Mirjana"]
[Black "Petrovic, Marija"]
[Result "1/2-1/2"]
[WhiteElo "2260"]
[BlackElo "2240"]

1.e4 g6 2.d4 Bg7 3.Nc3 c6 4.Be3 d6 5.Qd2 b5 6.Nf3 a6 7.Bd3 Nd7 8.O-O Bb7
9.Rfe1 c5 10.a3 Qc7 11.d5 h6 12.h3 Ngf6 13.Bf4 Nh5 14.Be3 Nhf6 15.Bf4 Nh5
16.Be3  1/2-1/2

[Event "Berliner Sommer"]
[Site "Berlin"]
[Date "1995.??.??"]
[Round "1"]
[White "Pribyl, Josef"]
[Black "Zoechling, K."]
[Result "1-0"]
[WhiteElo "2405"]
[BlackElo "1950"]

1.e4 g6 2.d4 Bg7 3.Nc3 c6 4.Nf3 d5 5.h3 f6 6.Qe2 Nh6 7.exd5 cxd5 8.Qb5+ Bd7
9.Qxd5 Nc6 10.Bb5 Rc8 11.O-O a6 12.Ba4 e6 13.Qe4 O-O 14.Bb3 Re8 15.Bxh6 Bxh6
16.Rad1 Na5 17.Rfe1 Nxb3 18.axb3 Bc6 19.Qg4 Qd7 20.d5 exd5 21.Qxd7 Bxd7 22.Nxd5 Rxe1+
23.Nxe1  1-0

[Event "Berliner Sommer"]
[Site "Berlin"]
[Date "1995.??.??"]
[Round "2"]
[White "Nikolenko, Oleg"]
[Black "Reschke, Thomas"]
[Result "1-0"]
[WhiteElo "2475"]
[BlackElo "2250"]

1.e4 g6 2.d4 Bg7 3.Nc3 c6 4.Bc4 d6 5.Qf3 e6 6.Nge2 Qe7 7.O-O Nd7 8.Qg3 e5
9.dxe5 dxe5 10.a4 Ngf6 11.b3 Nh5 12.Qf3 Nf4 13.Nxf4 exf4 14.Bxf4 Ne5 15.Bxe5 Bxe5
16.Rad1 O-O 17.Ne2 Qh4 18.h3 g5 19.Ng3 g4 20.Nf5 gxf3 21.Nxh4 fxg2 22.Kxg2 Bf4
23.Kf3 Bc7 24.Rg1+ Kh8 25.Nf5 Bxf5 26.exf5 Rad8 27.Rxd8 Rxd8 28.Bxf7 Be5
29.h4 h6 30.Rg6 Rd4 31.Re6 Kg7 32.Rxe5 Kxf7 33.Re4 Rd2 34.Re2 Rd4 35.Kg3 h5
36.f3 Kf6 37.Re6+ Kxf5 38.Rh6 Rd2 39.Rxh5+ Kf6 40.Rc5 Rd1 41.a5 a6 42.Rc4 Kf5
43.Rf4+ Kg6 44.Rb4 Rd7 45.Kg4 Kf6 46.Rf4+  1-0

[Event "Bern op"]
[Site "Bern"]
[Date "1995.??.??"]
[Round "9"]
[White "Raetsky, Alexander"]
[Black "Dobosz, Henryk"]
[Result "1-0"]
[WhiteElo "2510"]
[BlackElo "2420"]

1.d4 g6 2.e4 Bg7 3.Nc3 c6 4.Nf3 d5 5.h3 dxe4 6.Nxe4 Nd7 7.Bd3 Ngf6 8.Nxf6+ Nxf6
9.O-O O-O 10.Re1 Qd6 11.c3 c5 12.dxc5 Qxc5 13.Be3 Qc7 14.Bd4 Nh5 15.Bxg7 Kxg7
16.Bf1 Nf4 17.Re4 f6 18.Rc4 Qb8 19.Qd2 e5 20.g3 Nh5 21.Qd5 Re8 22.Rb4 Qc7
23.Rd1 Qf7 24.a4 Re7 25.Qxf7+ Kxf7 26.Rd8 Rc7 27.Nd2 Ng7 28.Ne4 Ke7 29.Rh8 h5
30.a5 f5 31.Ng5 Ne6 32.Nxe6 Kxe6 33.Bc4+ Kf6 34.h4 Rb8 35.Bd5 Rc5 36.Bxb7 Rxb7
37.Rxc8 Rxb4 38.Rxc5 Rxb2 39.Rc6+ Kf7 40.Rc7+ Ke6 41.Rxa7 f4 42.gxf4 exf4
43.a6 Ra2 44.Ra8 Kf5 45.f3 Kf6 46.a7 Kg7 47.c4 Ra1+ 48.Kf2 Ra2+ 49.Ke1 Ra6
50.c5 Re6+ 51.Kd2 Re7 52.c6 g5 53.hxg5 h4 54.Rg8+  1-0

[Event "Biel op"]
[Site "Biel"]
[Date "1995.??.??"]
[Round "7"]
[White "Al Modiahki, Mohamad"]
[Black "Telljohann, Sven"]
[Result "1/2-1/2"]
[WhiteElo "2445"]
[BlackElo "2410"]

1.e4 g6 2.d4 Bg7 3.Nc3 c6 4.Bc4 d6 5.Nf3 Nf6 6.e5 dxe5 7.Nxe5 O-O 8.O-O Nd5
9.Re1 Be6 10.Ne4 Nc7 11.Bf1 Nd7 12.Nf3 Bd5 13.c3 h6 14.c4 Bxe4 15.Rxe4 e5
16.d5 cxd5 17.cxd5 Ne8 18.Re1 Nd6 19.Bd2 e4 20.Bb4 Qb6 21.Bxd6 Qxd6 22.Nd2 Nb6
23.Nxe4 Qxd5 24.Qxd5 Nxd5 25.Rad1 Rad8 26.b3  1/2-1/2

[Event "DLM"]
[Site "Binz"]
[Date "1995.??.??"]
[Round "2"]
[White "Lytchak, Alexander"]
[Black "Foetsch, Daniel"]
[Result "1-0"]
[WhiteElo "2240"]
[BlackElo "2160"]

1.d4 g6 2.e4 Bg7 3.Nc3 c6 4.Bf4 d6 5.Nf3 Nf6 6.Qd2 O-O 7.Bh6 b5 8.Bd3 b4
9.Ne2 a5 10.e5 dxe5 11.dxe5 Ng4 12.Bxg7 Kxg7 13.h3 Nh6 14.Ng3 Nf5 15.Nh5+ Kh8
16.Qf4 gxh5 17.Bxf5 Bxf5 18.Qxf5 Qd7 19.Qxh5 Qe6 20.O-O-O Qg6 21.Qh4 f6 22.Rhe1 Ra7
23.Rd4 fxe5 24.Nxe5 Qf6 25.f3 Qxh4 26.Rxh4 Kg7 27.Ree4 Rf5 28.Reg4+ Kf6 29.f4 Ke6
30.Rxh7 Kd5 31.g3 Ke4 32.Rg6 Rc7 33.Re6  1-0

[Event "DLM"]
[Site "Binz"]
[Date "1995.??.??"]
[Round "5"]
[White "Grund, Holger"]
[Black "Gustafsson, Jan"]
[Result "0-1"]
[WhiteElo "2335"]
[BlackElo "2205"]

1.e4 g6 2.d4 Bg7 3.Nc3 c6 4.Nf3 d6 5.Be3 Nf6 6.h3 O-O 7.a4 Nbd7 8.a5 Qc7
9.Be2 e5 10.dxe5 dxe5 11.O-O Rd8 12.Bc4 Nc5 13.Bxc5 Rxd1 14.Rfxd1 Bf8 15.Bxf8 Kxf8
16.Ng5 Ke7 17.Nxf7 Be6 18.Bxe6 Kxe6 19.Nd6 Rd8 20.Nc4 b5 21.axb6 Rxd1+ 22.Rxd1 axb6
23.Na4 Nd7 24.Nd6 b5 25.Nc3 Nb6 26.Kf1 Nc8 27.Nxc8 Qxc8 28.Ra1 Qd7 29.Ke2 Qd4
30.f3 Qb4 31.Nd1 Qc4+ 32.Ke1 Qxc2 33.Kf1 Qd2 34.Kg1 b4 35.Kf1 c5  0-1